| 000 | 00998nam a2200301 i 4500 | ||
|---|---|---|---|
| 003 | EG-ScBUE | ||
| 005 | 20230809104244.0 | ||
| 008 | 080804r19751972enkab f b 001 0 eng d | ||
| 020 | _a055209689X | ||
| 040 |
_aEG-ScBUE _beng _erda _cEG-ScBUE _dEG-ScBUE |
||
| 082 | 0 | 4 |
_a913.031 _bDAN _222 |
| 100 | 1 |
_928 _aDäniken, Erich von, _d1935- _eauthor. |
|
| 245 | 1 | 4 |
_aThe gold of the gods / _cErich von Daniken ; translated by Michael Heron. |
| 250 | _aReprint edition. | ||
| 264 | 1 |
_aLondon : _bCorgi Books, _c1975. |
|
| 300 |
_a 235 pages : _billustrations, maps ; _c18 cm |
||
| 336 |
_2rdacontent _atext _btxt |
||
| 337 |
_2rdamedia _aunmediated _bn |
||
| 338 |
_2rdacarrier _avolume _bnc |
||
| 504 | _aIncludes bibliographical references and index. | ||
| 590 | _ayassmeen ashraf | ||
| 650 | 7 |
_aPrehistoric peoples. _2BUEsh |
|
| 650 | 7 |
_aCivilization, Ancient _xExtraterrestrial influences. _2BUEsh |
|
| 651 | _2BUEsh | ||
| 653 | _cAugust2015 | ||
| 655 | _vReading book | ||
| 942 |
_2ddc _cBB |
||
| 999 |
_c10061 _d10061 |
||